| 000 | 00631nam a2200193Ia 4500 | ||
|---|---|---|---|
| 003 | GCL | ||
| 008 | 140319s9999 xx 000 0 ara d | ||
| 040 |
_aGCL / _cGCL |
||
| 082 | 0 | 4 |
_a953 _bع ت |
| 100 | 1 | _aعبدالمنعم ماجد | |
| 245 | 1 | 0 |
_aتاريخ الحضارة الاسلامية فى العصور الوسطى:ط5 / _cعبدالمنعم ماجد |
| 260 |
_a[S.N] : _bمكتبة الانجلوالمصرية ، _c1986 |
||
| 300 | _a358 ص | ||
| 490 | _a | ||
| 650 | 0 | 4 | _aالتاريخ الاسلامى |
| 650 | 0 | 4 | _aالعصور الوسطى |
| 650 | 0 | 4 | _aالحضارة الاسلامية |
| 942 |
_2ddc _cBK |
||
| 999 |
_c32083 _d32083 |
||